000 00585nam a2200169 i 4500
001 78766
003 ES-MaACL
007 t|
008 041015s1982 ag ||||1| spa d
100 1 _aHegel, Georg Wilhelm Friedrich.
_962316
245 1 0 _aCiencia de la lógica /
_cG.W.F. Hegel ; traducción directa del alemán de Augusta y Rodolfo Mondolfo ; prólogo de Rodolfo Mondolfo.
260 _aBuenos Aires :
_bSolar,
_c[1928]
300 _a2 v. ;
_c20 cm.
700 1 _aMondolfo, Augusta A. de.
_982146
700 1 _aMondolfo, Rodolfo.
_982147
852 _aES-MaACL
_jL-4177-8
_bR.104796
999 _c78766
_d78766